[Event "Pereira Fiestas de la Cosecha op"]
[Site "Pereira"]
[Date "2023.08.27"]
[Round "6"]
[White "Becerra Fonseca, Camila Andrea"]
[Black "Piedrahita Londono, Juan Camilo"]
[Result "0-1"]
[WhiteElo "1298"]
[BlackElo "1565"]
[PlyCount "88"]
[EventDate "2023.08.24"]
[EventType "swiss"]
[EventRounds "7"]
[EventCountry "COL"]
[SourceTitle "EXT 2024"]
[Source "ChessBase"]
[SourceDate "2023.10.10"]
[SourceVersion "1"]
[SourceVersionDate "2023.10.10"]
[SourceQuality "1"]

1. d4 g6 2. Bf4 Bg7 3. Nc3 Nf6 4. e4 d6 5. Qd2 0-0 6. 0-0-0 c6 7. Bh6 b5 8. Bxg7 Kxg7 9. h4 b4 10. Nce2 Nxe4 11. Qe3 Nf6 12. Nf4 Nd5 13. Nxd5 cxd5 14. h5 Rh8 15. h6+ Kg8 16. Ne2 Nd7 17. Nf4 Nf6 18. Be2 Qc7 19. f3 Bf5 20. Rd2 e5 21. dxe5 dxe5 22. Nd3 Bxd3 23. Bxd3 d4 24. Qg5 Qe7 25. Re2 Re8 26. f4 e4 27. Bc4 Nd7 28. Qg3 Qd6 29. Rh4 a5 30. Qb3 Re7 31. Rg4 Nb6 32. f5 a4 33. Bxf7+ Rxf7 34. Qh3 e3 35. Qf3 Qd5 36. Qxd5 Nxd5 37. Rxd4 Rxf5 38. g4 Rf1+ 39. Rd1 Rxd1+ 40. Kxd1 Kf7 41. g5 Rd8 42. Ke1 Ke6 43. Kf1 Rf8+ 44. Kg2 Nf4+ 0-1

[Event "Pereira Fiestas de la Cosecha op"]
[Site "Pereira"]
[Date "2023.08.25"]
[Round "2"]
[White "Becerra Fonseca, Camila Andrea"]
[Black "Restrepo, Hugo"]
[Result "0-1"]
[WhiteElo "1298"]
[BlackElo "1508"]
[PlyCount "34"]
[EventDate "2023.08.24"]
[EventType "swiss"]
[EventRounds "7"]
[EventCountry "COL"]
[SourceTitle "EXT 2024"]
[Source "ChessBase"]
[SourceDate "2023.10.10"]
[SourceVersion "1"]
[SourceVersionDate "2023.10.10"]
[SourceQuality "1"]

1. d4 Nf6 2. Bf4 e6 3. e3 d5 4. Nf3 Be7 5. Bd3 c5 6. c3 0-0 7. 0-0 Nc6 8. Nbd2 a5 9. Ne5 Nxe5 10. dxe5 Ne8 11. Nf3 f5 12. exf6 Bxf6 13. Qc2 g6 14. Bh6 Ng7 15. e4 c4 16. e5 cxd3 17. Qxd3 Be7 0-1

[Event "COL-ch U1700"]
[Site "Pereira"]
[Date "2022.02.19"]
[Round "7"]
[White "Becerra Fonseca, Camila Andrea"]
[Black "Galindo Torres, Jeimy Julissa"]
[Result "0-1"]
[WhiteElo "1325"]
[BlackElo "1149"]
[PlyCount "58"]
[EventDate "2022.02.16"]
[EventType "swiss"]
[EventRounds "9"]
[EventCountry "COL"]
[SourceTitle "CBM 207 Extra"]
[Source "ChessBase"]
[SourceDate "2022.05.31"]
[SourceVersion "1"]
[SourceVersionDate "2022.05.31"]
[SourceQuality "1"]

1. d4 d5 2. Bf4 Nf6 3. e3 e6 4. Nf3 Bd6 5. Bg3 0-0 6. Ne5 Ne4 7. Bf4 f6 8. Nf3 Bxf4 9. exf4 c5 10. c3 cxd4 11. cxd4 Qa5+ 12. Nbd2 Qb4 13. Qc2 Nc6 14. a3 Nxd4 15. Nxd4 Qxd4 16. Nxe4 Qxe4+ 17. Qxe4 dxe4 18. Rc1 Bd7 19. Be2 Rfd8 20. 0-0 Ba4 21. Rc4 Bc6 22. f3 Rd2 23. Rf2 e3 24. Rf1 Rxe2 25. Rb1 Rd8 26. Kh1 Rxb2 27. Rg1 Rdd2 28. Rcc1 Bxf3 29. gxf3 Rxh2# 0-1

[Event "Manizales Las Americas op-C"]
[Site "Manizales"]
[Date "2021.10.17"]
[Round "7"]
[White "Suaza Builes, Oscar A"]
[Black "Becerra Fonseca, Camila Andrea"]
[Result "1-0"]
[WhiteElo "1403"]
[BlackElo "1319"]
[PlyCount "24"]
[EventDate "2021.10.14"]
[EventType "swiss"]
[EventRounds "9"]
[EventCountry "COL"]
[SourceTitle "EXT 2023"]
[Source "ChessBase"]
[SourceDate "2022.10.05"]
[SourceVersion "1"]
[SourceVersionDate "2022.10.05"]
[SourceQuality "1"]

1. d4 d5 2. Bf4 Nf6 3. e3 Bf5 4. c4 e6 5. Nc3 a6 6. Nf3 dxc4 7. Bxc4 b5 8. Be2 Be7 9. Ne5 Nbd7 10. Bf3 Ra7 11. Nc6 Qa8 12. Nxa7 Qxa7 1-0

[Event "Manizales Las Americas op-C"]
[Site "Manizales"]
[Date "2021.10.16"]
[Round "4"]
[White "Becerra Fonseca, Camila Andrea"]
[Black "Ocampo Arredondo, Luis Fernando"]
[Result "1-0"]
[WhiteElo "1319"]
[BlackElo "1563"]
[PlyCount "36"]
[EventDate "2021.10.14"]
[EventType "swiss"]
[EventRounds "9"]
[EventCountry "COL"]
[SourceTitle "EXT 2023"]
[Source "ChessBase"]
[SourceDate "2022.10.05"]
[SourceVersion "1"]
[SourceVersionDate "2022.10.05"]
[SourceQuality "1"]

1. d4 d6 2. Bf4 Nf6 3. Nf3 c6 4. Nc3 Qa5 5. Qd2 Qc7 6. e4 Bg4 7. Be2 Bxf3 8. Bxf3 e5 9. dxe5 dxe5 10. Bg5 Be7 11. 0-0-0 0-0 12. h4 h6 13. Bxf6 Bxf6 14. g4 Rd8 15. Qe3 g5 16. Rdg1 Kh7 17. hxg5 Bg7 18. gxh6 Bf6 1-0

[Event "Manizales Las Americas op-C"]
[Site "Manizales"]
[Date "2021.10.15"]
[Round "3"]
[White "Dabraccio, Guillermo"]
[Black "Becerra Fonseca, Camila Andrea"]
[Result "1-0"]
[WhiteElo "1618"]
[BlackElo "1319"]
[PlyCount "63"]
[EventDate "2021.10.14"]
[EventType "swiss"]
[EventRounds "9"]
[EventCountry "COL"]
[SourceTitle "EXT 2023"]
[Source "ChessBase"]
[SourceDate "2022.10.05"]
[SourceVersion "1"]
[SourceVersionDate "2022.10.05"]
[SourceQuality "1"]

1. d4 d5 2. Nf3 c6 3. e3 Nf6 4. Bd3 Bg4 5. Nbd2 e6 6. c3 Bd6 7. Qc2 Nbd7 8. b3 c5 9. Bb2 a6 10. a4 cxd4 11. exd4 e5 12. dxe5 Nxe5 13. Nxe5 Bxe5 14. Rc1 0-0 15. 0-0 Qd6 16. h3 Be6 17. Rfe1 Bh2+ 18. Kh1 g6 19. Nf3 Bf4 20. Rcd1 Bd7 21. c4 dxc4 22. Bxg6 Qc6 23. Bxf6 Qxf6 24. Bxh7+ Kh8 25. Rxd7 cxb3 26. Qf5 Qh6 27. g3 Bb8 28. Ng5 Qc6+ 29. Kh2 Qc3 30. Nxf7+ Rxf7 31. Qxf7 Qxe1 32. Qg8# 1-0

[Event "COL-ch Visually impaired (Women)"]
[Site "Cartagena"]
[Date "2019.12.06"]
[Round "1.3"]
[White "Becerra Fonseca, Camila Andrea"]
[Black "Franco Atehortua, Xiomara Andrea"]
[Result "1-0"]
[WhiteElo "1438"]
[BlackElo "1600"]
[PlyCount "23"]
[EventDate "2019.12.06"]
[EventType "swiss (rapid)"]
[EventRounds "5"]
[EventCountry "COL"]
[SourceTitle "EXT 2024"]
[Source "ChessBase"]
[SourceDate "2023.10.10"]
[SourceVersion "1"]
[SourceVersionDate "2023.10.10"]
[SourceQuality "1"]

1. d4 d5 2. Bf4 Nc6 3. Nf3 Nf6 4. c3 Bf5 5. e3 Bxb1 6. Rxb1 e6 7. Bd3 Be7 8. Qc2 0-0 9. Ng5 Nh5 10. Bxh7+ Kh8 11. Bg8 Rxg8 12. Qh7# 1-0

[Event "COL-ch Visually impaired (Women)"]
[Site "Cartagena"]
[Date "2019.12.05"]
[Round "5.2"]
[White "Franco Perez, Yolima"]
[Black "Becerra Fonseca, Camila Andrea"]
[Result "1-0"]
[WhiteElo "1516"]
[BlackElo "1286"]
[PlyCount "55"]
[EventDate "2019.12.03"]
[EventType "swiss"]
[EventRounds "5"]
[EventCountry "COL"]
[SourceTitle "EXT 2024"]
[Source "ChessBase"]
[SourceDate "2023.10.10"]
[SourceVersion "1"]
[SourceVersionDate "2023.10.10"]
[SourceQuality "1"]

1. c4 c6 2. d4 e6 3. e4 d5 4. cxd5 exd5 5. e5 Bb4+ 6. Nc3 Ne7 7. Bd3 0-0 8. Qc2 Ng6 9. Nf3 Be7 10. h3 f5 11. g4 Kh8 12. gxf5 Bxf5 13. Bxf5 Qe8 14. Bxg6 hxg6 15. Ng5 Bxg5 16. Bxg5 Nd7 17. h4 c5 18. f4 Rc8 19. Nxd5 cxd4 20. Qe4 Nc5 21. Qxd4 Ne6 22. Qxa7 Rc2 23. Qxb7 Qa4 24. Ne7 Nxf4 25. Bxf4 Qa5+ 26. b4 Qd8 27. Nxg6+ Kh7 28. Nxf8+ 1-0

[Event "COL-ch Visually impaired (Women)"]
[Site "Cartagena"]
[Date "2019.12.04"]
[Round "3.2"]
[White "Berrio Suarez, Yina Patricia"]
[Black "Becerra Fonseca, Camila Andrea"]
[Result "1/2-1/2"]
[WhiteElo "1371"]
[BlackElo "1286"]
[PlyCount "140"]
[EventDate "2019.12.03"]
[EventType "swiss"]
[EventRounds "5"]
[EventCountry "COL"]
[SourceTitle "EXT 2024"]
[Source "ChessBase"]
[SourceDate "2023.10.10"]
[SourceVersion "1"]
[SourceVersionDate "2023.10.10"]
[SourceQuality "1"]

1. e4 c5 2. c3 e6 3. d4 cxd4 4. cxd4 Nc6 5. Nf3 Qc7 6. Nc3 Bb4 7. Be2 Nf6 8. Bd3 d5 9. e5 Ne4 10. Bxe4 dxe4 11. Ng5 Qd8 12. Ngxe4 Qxd4 13. Qxd4 Nxd4 14. 0-0 Bxc3 15. Nxc3 0-0 16. f4 b6 17. Bd2 Rd8 18. Rad1 Bb7 19. Be1 Rac8 20. Bh4 Rd7 21. Rf2 Rcc7 22. Rfd2 Rc4 23. Bf2 h6 24. Rxd4 Rdxd4 25. Rxd4 Rc7 26. Rd8+ Kh7 27. Rf8 h5 28. h4 Rd7 29. a4 Kg6 30. b4 Rc7 31. Nb5 Rc4 32. Nd6 Rc1+ 33. Kh2 Bc6 34. Rxf7 Rc2 35. Rc7 Rxf2 36. Rxc6 Rxf4 37. Kh3 Rxb4 38. Nc8 Rxa4 39. Rxe6+ Kf7 40. Re7+ Kf8 41. e6 b5 42. Rb7 a6 43. e7+ Ke8 44. Na7 Re4 45. Nc6 Re6 46. Rb8+ Kd7 47. Rd8+ Kxc6 48. e8Q+ Rxe8 49. Rxe8 b4 50. Re6+ Kb5 51. Re5+ Kc4 52. Rxh5 b3 53. Re5 b2 54. Re1 Kc3 55. g4 a5 56. Re3+ Kd2 57. Rb3 Kc2 58. Rxb2+ Kxb2 59. h5 a4 60. g5 a3 61. h6 a2 62. hxg7 a1Q 63. g8Q Qf1+ 64. Kh4 Qf4+ 65. Kh5 Qh2+ 66. Kg6 Qc2+ 67. Kf7 Qf5+ 68. Ke7 Qc5+ 69. Kf6 Qf2+ 70. Kg6 Qc2+ 1/2-1/2

[Event "Bogota Grand Prix Parada Bima 3rd"]
[Site "Bogota"]
[Date "2019.11.02"]
[Round "2.8"]
[White "Becerra Fonseca, Camila Andrea"]
[Black "Prada, Diogenes"]
[Result "0-1"]
[WhiteElo "1314"]
[BlackElo "1897"]
[PlyCount "32"]
[EventDate "2019.11.02"]
[EventType "swiss"]
[EventRounds "6"]
[EventCountry "COL"]
[SourceTitle "EXT 2024"]
[Source "ChessBase"]
[SourceDate "2023.10.10"]
[SourceVersion "1"]
[SourceVersionDate "2023.10.10"]
[SourceQuality "1"]

1. d4 Nf6 2. Bf4 d6 3. Nf3 g6 4. c3 Bg7 5. e3 0-0 6. Nbd2 Na6 7. Qc2 c5 8. Be2 cxd4 9. exd4 Nc7 10. 0-0 Ncd5 11. Bg3 Nh5 12. c4 Nxg3 13. fxg3 Nf6 14. Qc1 a6 15. b4 b6 16. d5 Ng4 0-1

[Event "Pan American IBCA-ch 8th"]
[Site "San Jose"]
[Date "2019.11.01"]
[Round "4.6"]
[White "Jaramillo, Carlos Mario"]
[Black "Becerra Fonseca, Camila Andrea"]
[Result "1/2-1/2"]
[WhiteElo "1549"]
[BlackElo "1302"]
[PlyCount "52"]
[EventDate "2019.10.30"]
[EventType "swiss"]
[EventRounds "7"]
[EventCountry "CRI"]
[SourceTitle "EXT 2024"]
[Source "ChessBase"]
[SourceDate "2023.10.10"]
[SourceVersion "1"]
[SourceVersionDate "2023.10.10"]
[SourceQuality "1"]

1. e4 c5 2. Nf3 e6 3. d4 cxd4 4. Nxd4 a6 5. Nc3 Qc7 6. Be2 Bb4 7. Bd2 Nc6 8. Nxc6 dxc6 9. Bf3 b5 10. 0-0 Bb7 11. Re1 Ne7 12. Qe2 0-0 13. Rad1 c5 14. a3 Ba5 15. Na2 Bb6 16. Bc3 Ba7 17. Rd2 Bb8 18. g3 Ng6 19. e5 Bxf3 20. Qxf3 Ba7 21. Rd6 Rac8 22. Rxa6 Bb6 23. Qe4 Ne7 24. Rd1 Rfd8 25. Rxd8+ Rxd8 26. Ra8 Nc6 1/2-1/2

[Event "Pan American IBCA-ch 8th"]
[Site "San Jose"]
[Date "2019.10.31"]
[Round "2.6"]
[White "Franco Perez, William"]
[Black "Becerra Fonseca, Camila Andrea"]
[Result "1-0"]
[WhiteElo "1583"]
[BlackElo "1302"]
[PlyCount "73"]
[EventDate "2019.10.30"]
[EventType "swiss"]
[EventRounds "7"]
[EventCountry "CRI"]
[SourceTitle "EXT 2024"]
[Source "ChessBase"]
[SourceDate "2023.10.10"]
[SourceVersion "1"]
[SourceVersionDate "2023.10.10"]
[SourceQuality "1"]

1. Nf3 Nf6 2. g3 b6 3. Bg2 Bb7 4. 0-0 e6 5. c4 c5 6. Nc3 a6 7. d4 cxd4 8. Qxd4 d6 9. Bg5 Nbd7 10. Rfd1 Qc7 11. Rac1 Be7 12. b4 e5 13. Qd3 e4 14. Qe3 exf3 15. Bxf3 Bxf3 16. exf3 0-0 17. Qxe7 Qxc4 18. Qxd6 Rfe8 19. Bxf6 Nxf6 20. Nd5 Re1+ 21. Rxe1 Qxd5 22. Qxd5 Nxd5 23. a3 b5 24. Rc5 Nb6 25. Rc6 Nc4 26. Rxa6 Rd8 27. Ra7 Nd2 28. Kg2 h6 29. Re5 Rd3 30. Rxb5 Nxf3 31. Rb8+ Kh7 32. b5 Ne5 33. a4 Kg6 34. a5 Ra3 35. a6 Nc4 36. Rc7 Rc3 37. Rxc4 1-0

[Event "Medellin op 2nd"]
[Site "Medellin"]
[Date "2019.05.10"]
[Round "4.2"]
[White "Berrio Suarez, Yina Patricia"]
[Black "Becerra Fonseca, Camila Andrea"]
[Result "1-0"]
[WhiteElo "1325"]
[BlackElo "1331"]
[PlyCount "67"]
[EventDate "2019.05.08"]
[EventType "swiss"]
[EventRounds "6"]
[EventCountry "COL"]
[SourceTitle "EXT 2024"]
[Source "ChessBase"]
[SourceDate "2023.10.10"]
[SourceVersion "1"]
[SourceVersionDate "2023.10.10"]
[SourceQuality "1"]

1. e4 c5 2. Nf3 e6 3. c3 a6 4. d4 cxd4 5. cxd4 Qc7 6. Bd3 d6 7. Bf4 Nc6 8. e5 dxe5 9. dxe5 Bb4+ 10. Nc3 Qa5 11. Qc2 Nge7 12. 0-0 Ng6 13. Ne4 Nxf4 14. Nd6+ Bxd6 15. exd6 Nxd3 16. Qxd3 Bd7 17. Rfd1 0-0 18. Qb3 Rfc8 19. Qxb7 Ra7 20. Qb3 Rb8 21. Qd3 Rxb2 22. a3 Qb6 23. Rf1 Na5 24. Ng5 g6 25. Ne4 Bb5 26. Qg3 Bxf1 27. Rxf1 Nb3 28. Nf6+ Kg7 29. Nd7 Rxd7 30. Qe5+ f6 31. Qxb2 Rxd6 32. Rb1 Rd2 33. Qxd2 Nxd2 34. Rxb6 1-0

[Event "Medellin op 2nd"]
[Site "Medellin"]
[Date "2019.05.09"]
[Round "3.2"]
[White "Becerra Fonseca, Camila Andrea"]
[Black "Franco, Yolima"]
[Result "1/2-1/2"]
[WhiteElo "1331"]
[BlackElo "1574"]
[PlyCount "48"]
[EventDate "2019.05.08"]
[EventType "swiss"]
[EventRounds "6"]
[EventCountry "COL"]
[SourceTitle "EXT 2024"]
[Source "ChessBase"]
[SourceDate "2023.10.10"]
[SourceVersion "1"]
[SourceVersionDate "2023.10.10"]
[SourceQuality "1"]

1. d4 d5 2. Bf4 Nf6 3. c3 Nc6 4. e3 g6 5. Nf3 Bg7 6. Bd3 0-0 7. Nbd2 Re8 8. Qc2 a6 9. 0-0 Nh5 10. Bg3 Nxg3 11. fxg3 e5 12. e4 exd4 13. exd5 Qxd5 14. Bc4 Qc5 15. Qd3 dxc3+ 16. Kh1 cxd2 17. Nxd2 Be6 18. Rac1 Ne5 19. Bxe6 Rxe6 20. Rxc5 Nxd3 21. Rxc7 Rae8 22. h3 Be5 23. Rcxf7 Bxg3 24. Kg1 Re2 1/2-1/2

[Event "COL-ch U1700"]
[Site "Pereira"]
[Date "2019.03.22"]
[Round "3"]
[White "Becerra Fonseca, Camila Andrea"]
[Black "Bautista Chiquillo, Leidy Johanna"]
[Result "0-1"]
[WhiteElo "1323"]
[BlackElo "1624"]
[PlyCount "74"]
[EventDate "2019.03.21"]
[EventType "swiss"]
[EventRounds "9"]
[EventCountry "COL"]
[SourceTitle "CBM 189 Extra"]
[Source "ChessBase"]
[SourceDate "2019.06.03"]
[SourceVersion "1"]
[SourceVersionDate "2019.06.03"]
[SourceQuality "1"]

1. Nf3 Nf6 2. d4 d5 3. Bf4 e6 4. e3 c5 5. c3 Nc6 6. Nbd2 Bd6 7. Bg3 Bxg3 8. hxg3 cxd4 9. exd4 a6 10. a4 Qd6 11. Bd3 h6 12. Qc2 e5 13. dxe5 Nxe5 14. Nxe5 Qxe5+ 15. Kf1 0-0 16. Re1 Qd6 17. Nf3 Bd7 18. Nh4 Rfe8 19. Rd1 Bg4 20. f3 Bd7 21. Bf5 b5 22. Bxd7 Qxd7 23. a5 Qc7 24. Nf5 Qxa5 25. Nd6 Re6 26. Nf5 Qc7 27. Qd2 Qc4+ 28. Kg1 Re2 29. Nxh6+ Kf8 30. Qg5 Qc5+ 31. Kh2 gxh6 32. Qxf6 Rae8 33. Qxh6+ Ke7 34. Qg5+ Kd6 35. b4 Rh8+ 36. Qh4 Rxh4+ 37. gxh4 Qf2 0-1

[Event "COL visually impaired (Women) 14th"]
[Site "Armenia"]
[Date "2018.11.11"]
[Round "5.3"]
[White "Lezcano, Reina Isabel"]
[Black "Becerra Fonseca, Camila Andrea"]
[Result "1-0"]
[WhiteElo "1498"]
[BlackElo "1336"]
[PlyCount "65"]
[EventDate "2018.11.09"]
[EventType "swiss"]
[EventRounds "5"]
[EventCountry "COL"]
[SourceTitle "EXT 2024"]
[Source "ChessBase"]
[SourceDate "2023.10.10"]
[SourceVersion "1"]
[SourceVersionDate "2023.10.10"]
[SourceQuality "1"]

1. d4 d5 2. e3 a6 3. Bd3 e6 4. f4 c5 5. Nf3 c4 6. Be2 Nc6 7. 0-0 Nf6 8. b3 b5 9. a4 Bb7 10. c3 Bd6 11. Ne5 0-0 12. Nd2 Ne4 13. Bf3 Nxc3 14. Qc2 Bb4 15. Bb2 Qa5 16. axb5 Na2 17. bxc6 Bxd2 18. cxb7 Bxe3+ 19. Kh1 Ra7 20. Bc3 cxb3 21. Qxb3 Qc7 22. Rxa2 Rxb7 23. Ba5 Qb8 24. Qxe3 Rb1 25. Be1 Rc8 26. h3 f6 27. Nd3 Kf7 28. Rxa6 Re8 29. Nc5 Qb5 30. Be2 Qb8 31. Rxe6 Rc8 32. Re7+ Kg6 33. f5# 1-0

[Event "Pan American IBCA-ch 7th"]
[Site "San Luis"]
[Date "2018.11.04"]
[Round "1.3"]
[White "Becerra Fonseca, Camila Andrea"]
[Black "Silva, Rodrigo Souza"]
[Result "0-1"]
[WhiteElo "1336"]
[BlackElo "1839"]
[PlyCount "44"]
[EventDate "2018.11.04"]
[EventType "swiss"]
[EventRounds "7"]
[EventCountry "ARG"]
[SourceTitle "EXT 2024"]
[Source "ChessBase"]
[SourceDate "2023.10.10"]
[SourceVersion "1"]
[SourceVersionDate "2023.10.10"]
[SourceQuality "1"]

1. Nf3 Nf6 2. d4 g6 3. c4 Bg7 4. Nc3 d5 5. Bf4 0-0 6. cxd5 Nxd5 7. Nxd5 Qxd5 8. e3 c5 9. b3 cxd4 10. Bc4 Qa5+ 11. Ke2 dxe3 12. Nd4 e5 13. Bxe3 exd4 14. Bxd4 Rd8 15. Re1 Rxd4 16. Bd3 Bf5 17. Rc1 Nc6 18. Kf1 Bxd3+ 19. Kg1 Re4 20. Rxe4 Bxe4 21. Qe2 Qg5 22. Qe1 Na5 0-1

[Event "Bogota AlphaZero op"]
[Site "Bogota"]
[Date "2018.08.20"]
[Round "6"]
[White "Becerra Fonseca, Camila Andrea"]
[Black "Bejarano, Martha"]
[Result "1-0"]
[WhiteElo "1325"]
[BlackElo "1496"]
[PlyCount "23"]
[EventDate "2018.08.17"]
[EventType "swiss"]
[EventRounds "7"]
[EventCountry "COL"]
[SourceTitle "CBM 186 Extra"]
[Source "ChessBase"]
[SourceDate "2018.08.24"]
[SourceVersion "1"]
[SourceVersionDate "2018.08.24"]
[SourceQuality "1"]

1. Nf3 d5 2. d4 Nc6 3. c4 e5 4. dxe5 dxc4 5. Qxd8+ Nxd8 6. e4 Bb4+ 7. Nc3 Nc6 8. Bxc4 Nge7 9. 0-0 Be6 10. Bxe6 fxe6 11. Bf4 0-0-0 12. h3 1-0

[Event "Bogota Mayores Alcaldia op 8th"]
[Site "Bogota"]
[Date "2018.06.11"]
[Round "7"]
[White "Bautista, Luis Fernando"]
[Black "Becerra Fonseca, Camila Andrea"]
[Result "1-0"]
[WhiteElo "1600"]
[BlackElo "1325"]
[PlyCount "22"]
[EventDate "2018.06.08"]
[EventType "swiss"]
[EventRounds "7"]
[EventCountry "COL"]
[SourceTitle "CBM 184 Extra"]
[Source "ChessBase"]
[SourceDate "2018.06.28"]
[SourceVersion "1"]
[SourceVersionDate "2018.06.28"]
[SourceQuality "1"]

1. d4 d5 2. c4 e6 3. Nc3 c5 4. Nf3 a6 5. e3 Nf6 6. Be2 Be7 7. 0-0 0-0 8. Qc2 Nc6 9. a3 dxc4 10. dxc5 Bxc5 11. Bxc4 Bd6 1-0